[Event "Barcelona Sant Marti op 21st"]
[Site "Barcelona"]
[Date "2019.07.16"]
[Round "4"]
[White "Martinez Buendia, Andres"]
[Black "Cervello Tost, Roger"]
[Result "1-0"]
[WhiteElo "1826"]
[BlackElo "2073"]
[PlyCount "89"]
[EventDate "2019.07.13"]
[EventType "swiss"]
[EventRounds "9"]
[EventCountry "ESP"]
[SourceTitle "EXT 2020"]
[Source "ChessBase"]
[SourceDate "2019.10.17"]
[SourceVersion "1"]
[SourceVersionDate "2019.10.17"]
[SourceQuality "1"]

1. e4 e5 2. Nf3 Nc6 3. Nc3 Nf6 4. d4 exd4 5. Nxd4 Bb4 6. Nxc6 bxc6 7. Bd3 d5 8. exd5 cxd5 9. 0-0 0-0 10. Bg5 c6 11. Qf3 Be7 12. h3 Rb8 13. b3 h6 14. Bf4 Bd6 15. Ne2 c5 16. Ng3 Qc7 17. Bxd6 Qxd6 18. Rfe1 Be6 19. Rad1 Rfe8 20. Re2 Rb4 21. c4 d4 22. Rde1 Rbb8 23. Ne4 Nxe4 24. Qxe4 g6 25. Qh4 Kg7 26. f4 Bd7 27. Re7 Qf6 28. Qxf6+ Kxf6 29. R7e5 Re6 30. Rxe6+ Bxe6 31. Re5 Rc8 32. Kf2 g5 33. Kf3 gxf4 34. Kxf4 Rg8 35. Rxc5 Rxg2 36. Ra5 Bxh3 37. c5 Rg4+ 38. Kf3 Rg5 39. Ra6+ Kg7 40. b4 Bg2+ 41. Kf4 Rg6 42. Bxg6 fxg6 43. Rxa7+ Kf6 44. Ra6+ Kf7 45. Rd6 1-0

[Event "Barcelona Sant Marti op 21st"]
[Site "Barcelona"]
[Date "2019.07.14"]
[Round "2"]
[White "Martinez Buendia, Andres"]
[Black "Barbero Sendic, Alejandro"]
[Result "0-1"]
[WhiteElo "1826"]
[BlackElo "2348"]
[PlyCount "44"]
[EventDate "2019.07.13"]
[EventType "swiss"]
[EventRounds "9"]
[EventCountry "ESP"]
[SourceTitle "EXT 2020"]
[Source "ChessBase"]
[SourceDate "2019.10.17"]
[SourceVersion "1"]
[SourceVersionDate "2019.10.17"]
[SourceQuality "1"]

1. e4 e6 2. d4 d5 3. Bd3 dxe4 4. Bxe4 Nf6 5. Bf3 Nbd7 6. Ne2 Bd6 7. c4 c6 8. Bf4 Bxf4 9. Nxf4 Qb6 10. b3 0-0 11. c5 Qc7 12. Qc1 e5 13. Nh5 Nxh5 14. Bxh5 exd4 15. 0-0 Qe5 16. Bf3 Qxc5 17. Qf4 Qe5 18. Qh4 Qf6 19. Qh5 Ne5 20. Be4 g6 21. Qh6 Ng4 22. Qd2 Qe5 0-1

[Event "Barcelona Sant Marti op-B 19th"]
[Site "Barcelona"]
[Date "2017.07.14"]
[Round "2"]
[White "Aarav, Dengla"]
[Black "Martinez Buendia, Andres"]
[Result "1-0"]
[WhiteElo "1177"]
[BlackElo "1804"]
[PlyCount "45"]
[EventDate "2017.07.13"]
[EventType "swiss"]
[EventRounds "9"]
[EventCountry "ESP"]
[SourceTitle "EXT 2018"]
[Source "ChessBase"]
[SourceDate "2017.10.13"]
[SourceVersion "1"]
[SourceVersionDate "2017.10.13"]
[SourceQuality "1"]

1. e4 c5 2. Nc3 d6 3. f4 e6 4. Nf3 Nf6 5. Bb5+ Bd7 6. Bxd7+ Nbxd7 7. d3 Be7 8. 0-0 0-0 9. Qe1 Rc8 10. Qg3 d5 11. e5 Ne8 12. f5 exf5 13. Nxd5 Nb6 14. Nxe7+ Qxe7 15. Nh4 Nd7 16. Nxf5 Qe6 17. Bh6 g6 18. Bxf8 Kxf8 19. Nh6 f5 20. exf6 Nexf6 21. Ng4 Kg7 22. Nxf6 Nxf6 23. Rae1 1-0